Quizzes
Events
Quiz Creation
Community
Videos
Private Events
Remove Ads
Sign In
Join for FREE
Feedback
Dark Mode
Quiz Categories
Sports
Geography
Music
Movies
Television
Just For Fun
Miscellaneous
History
Literature
Language
Science
Gaming
Entertainment
Religion
Holiday
For Kids
Quiz Lab
Recent
Popular Today
Quiz Kudos Today
Editor Picks
Curator Picks
Quizzes by...
Day
Popularity
Type
Ratings
Length
Year
Community
Subscriptions
Recent Discussions
Orange Saloon
Badges
Playlists
Quests
Create
Leaderboards
Showdown
Live 5
Trivia Bingo
Activity
Puzzle Library
Sporcle Events
Private Events
Virtual Trivia
Globe League
Become a Host
Pub Owners
SporcleCon
Opinionation
Our Games
Videos
Blog
Mobile Apps
Partnerships
Remove Ads and Go Orange
Feedback
Gaming
Video Games
Board Games
Card Games
Pokémon
Mario
Nintendo
Minecraft
Console
Toys
Legend of Zelda
Gaming
Video Games
Board Games
Card Games
Pokémon
Mario
Nintendo
Minecraft
Console
Toys
Legend of Zelda
Random Quiz
Search Sporcle
×
Quiz Lab
Quiz Lab
Gaming
solid
Type in answers that appear in a list
Type in answers that appear in a list
Classic
Best Score? Go Orange.
Weapons of Metal Gear Solid 3 Stats
Can you name the Weapons of Metal Gear Solid 3?
By
satchmo
4m
25 Questions
394 Plays
394 Plays
394 Plays
Comments
Comments
Give Quiz Kudos
Give Quiz Kudos
-
- Ratings
hide this ad
Replay
Link that replays current quiz
Next Quiz
Link to next quiz in quiz playlist
You Got
0%
They Got
Avg Score
46%
Avg Friend Score
Upgrade to see
Score Distribution
Jump to the score distribution portion of the page
Score
0/25
Timer
04:00
0
Plays Today
Hint
Weapon
% Correct
Bare Minimum
Survival Knife
72.3%
Infinite Automatic
Patriot
69.3%
Too Easy
Easygun
63.7%
Revolver
Single Action Army
61.9%
Remote Explosive
C3
60.9%
Sniper Rifle (tranquilizer)
Mosin Nagant
60.2%
Hush Puppy
MK-22
59.9%
Sniper Rifle
Dragunov
59.6%
Full Auto.
AK-47
59.4%
No Kill Thrown
Stun Grenade
54.8%
Movement Activated
Claymore
54.3%
No Radar
Chaff Grenade
49.5%
Smoking Kills Again
Smoke Grenade
42.6%
Hint
Weapon
% Correct
Shotgun
M37
42.4%
Primitive Explosive
TNT
42.4%
Burning Up
WP Grenade
41.9%
Shot Explosive
RPG-7
41.6%
Handgun
M1911A1
38.8%
Chloroform
Knockout Handkerchief
36.5%
Basic Thrown
Frag Grenade
35.5%
Light Automatic
Scorpion
33.5%
Light Machine Gun
M63
27.4%
Hungry?
Fork
20.8%
Full Auto. (w/
Silencer)
XM16E1
19.8%
Espionage
Cigar Gas Spray
17.3%
Quiz Playlist
Details
Report
Send in Message
Add To Playlist
Classic:
Type in answers that appear in a list
Last Updated: Feb 16, 2017
Quiz Scoreboard
CHALLENGE
Sign Up to Join the Scoreboard
Show All
Scores
Hide
Comments
May contain spoilers
Recently Published
College Basketball Coaching Resumes
by pancakes188
Sports
9m
Billboard Blitz: Fleetwood Mac
by CooCooCachoo
Music
15s
Presidents Visiting Landmarks
by Hejman
History
7m
More to Explore
Quiz From the Vault
Featured Blog Post
Where Did the Easter Bunny Come From?
hide this ad
You Might Also Like...
Tags
gear
metal
Metal Gear
object
solid
Solid 3
Weapons
Today's Top Quizzes in Gaming
Browse Gaming
hide this ad
Today's Top Quizzes in solid
Browse solid
Top Contributed Quizzes in Gaming
1
5-to-1: Consoles
2
7-to-1: Board Game Piece Blitz
3
5-to-1: Legend of Zelda
4
League of Legends Pro Players by Career/Team History
5
Destiny 2 exotic weapons by perk icons
6
Ultimate Genshin Impact Logic Puzzle (up to 4.3)
7
Franchise by Action Figure
8
Who's on the WWE 2K24 Cover?
9
Genshin Impact Logic Puzzle Quiz
10
Overwatch Logic Puzzle
Explore More
Trending Topics
Crossword
Kpop
Anime
NBA
Marvel
Disney
Harry Potter
The Office
Soccer
Song
NFL
Puzzle
Pokémon
WWE
Country
hide this ad
More By:
satchmo
Quiz
Plays
Rating
Category
Featured
Created
Skyrim Grab Bag
47,046
4.48
Gaming
Nov 30, 2011
The Elder Scrolls III: Morrowind Skills
524
5.00
Gaming
Apr 12, 2010
IGN's Top 25 Playstation Games
503
1.00
Gaming
Apr 7, 2010
Weapons of Metal Gear Solid 3
394
2.00
Gaming
Apr 5, 2010
IGN's Top 25 Game Boy Advance Games
236
2.67
Gaming
Apr 6, 2010
Go to Creator's Profile
Score Distribution
Quiz Creator Spotlight
satchmo
Follow
Send a Message
Quizzes Created
-
Created Quiz Play Count
-
More By This Creator
Popular Quizzes Today
1
Find the US States - No Outlines Minefield
2
Find the Countries of Europe - No Outlines Minefield
3
The Countries of the World
4
Find the US States
5
Risky Map Clicking: Biggest States A-Z
6
US States
7
Popular People in 1961
8
Movies - When Are They Set?
More Gaming Quizzes
Picture Click: Discolored Cards
Published
Trending Quizzes
Risky Map Clicking: Least Populous States A-Z
1-10 Letter G Words
1-10 Letter F Words
Risky Map Clicking: Next State Alphabetically
Risky Map Clicking: Biggest States A-Z
Recently Updated
Leaping Animals
pecheneg
Reality TV Shows (A-Z)
bhenderson79
Rickey Henderson's Hall of Fame Teammates
pecheneg
Champions League XIs: Arsenal
pecheneg
Quick Pick: Celebrities in WWE's Hall of Fame
aduchscher
A-Z Keypad Blitz II
pecheneg
Multiple Oscar Actors
pecheneg
Mystery Phrase Blitz: Oscar 'Best Actors'
pecheneg
F. Scott Fitzgerald Novels
LTH
Pick 3 Villains
ddd62291
Trending Topics
Marvel
NBA
Kpop
Anime
Disney
Crossword
Harry Potter
NFL
Pokémon
Country
Soccer
WWE
Puzzle
The Office
Song
Your Account Isn't Verified!
In order to create a playlist on Sporcle, you need to verify the email address you used during registration. Go to your
Sporcle Settings
to finish the process.
Report this User
Report this user for behavior that violates our
Community Guidelines
.
Details:
Send Report
Go to the Sporcle.com Mobile Site →
Comments